000 00571nam a2200205Ia 4500
005 20250923145755.0
008 008 250917s9999 xx 000 0 eng d
037 _aTextual
040 _aDSWL
_beng
_cDSWL
041 _aeng
_2eng
084 _aYX;5-H.2'N82, N88
_qDSWL
100 _aChatterjee, M.
_9838809
245 0 _aImplementing health policy
_cby M.Chatterjee
260 _aNew Delhi
_b Monohar
_c1988
300 _ax,324p.
365 _aINR
_b200.00
925 _g200.00
942 _cTEXL
_hYX;5-H.2'N82, N88
999 _c1455516
_d1455516